| 000 | 00404 a2200109 4500 | ||
|---|---|---|---|
| 001 | ART_60112 | ||
| 005 | 20260410162052.0 | ||
| 008 | 260409a | ||
| 245 | 1 | 0 | _aComentarios al proyecto de ley del régimen de regularización excepcional de obligaciones tributarias, aduaneras y de la seguridad social |
| 100 | 1 | _aDiez, Fernando | |
| 773 | 0 |
_tImpuestos _g- N° 164 (ene. 2024) _wREV45175 |
|
| 999 |
_c35912 _d35912 |
||